दगडाचे शव / (Record no. 52580)

MARC details
000 -LEADER
fixed length control field 01031nam a22002297a 4500
005 - DATE AND TIME OF LATEST TRANSACTION
control field 2011052506566.0
008 - FIXED-LENGTH DATA ELEMENTS--GENERAL INFORMATION
fixed length control field 110525t xxu||||| |||| 00| 0 mar d
010 ## - LCCN (DPL NO)
LC control number MAR-20877
020 ## - INTERNATIONAL STANDARD BOOK NUMBER
Terms of availability 50.00
035 ## - SYSTEM CONTROL NUMBER
System control number MR-13535
037 ## - SOURCE OF ACQUISITION
Source of stock number/acquisition DBAD / PUB
040 ## - CATALOGING SOURCE
Original cataloging agency DPL
Language of cataloging MR
082 ## - DEWEY DECIMAL CLASSIFICATION NUMBER
Classification number 891.461
100 ## - MAIN ENTRY--PERSONAL NAME
Personal name सूर्यवंशी,बालाजी
9 (RLIN) 28233
245 ## - TITLE STATEMENT
Title दगडाचे शव /
Statement of responsibility, etc बालाजी सूर्यवंशी
246 ## - VARYING FORM OF TITLE
Title proper/short title Dagdache Shav
Remainder of title by Balaji Suryavanshi
260 ## - PUBLICATION, DISTRIBUTION, ETC. (IMPRINT)
Place of publication, distribution, etc लातूर
Name of publisher, distributor, etc अक्षर मानव प्रकाशन
Date of publication, distribution, etc 2009
270 ## - ADDRESS
Address मु.वडगाव,पो.शिवणी ता. निलंगा
City लातूर
Postal code 413521
300 ## - PHYSICAL DESCRIPTION
Extent 72पृ.
Dimensions 21 सेमी (अजिल्द)
942 ## - ADDED ENTRY ELEMENTS (KOHA)
Source of classification or shelving scheme Dewey Decimal Classification
Item type Marathi Books
Classification part 891.461
Call number suffix सूर्यवं
Holdings
Withdrawn status Lost status Source of classification or shelving scheme Damaged status Not for loan Collection code Home library Current library Date acquired Source of acquisition Cost, normal purchase price Total Checkouts Full call number Barcode Date last seen Copy number Cost, replacement price Koha item type
    Dewey Decimal Classification   Not For Loan Non-fiction D.B.Act.Division D.B.Act.Division 25/05/2011 DBAD / PUB 50.00   891.461 सूर्यवं MR-13535 25/05/2011 1 50.00 Marathi Books

© Delhi Public Library
Hit Counter
free hit counter